Logo BPK

Biblioteka

Politechniki Koszalińskiej

Wprowadzenie do teorii pomiarów / (Rekord nr 21802)

Szczegóły MARC
000 -ETYKIETA REKORDU
podpole kontrolne o stałej długości 00369nam a2200145 i 4500
001 - NUMER KONTROLNY REKORDU
pole kontrolne bg
040 ## - ŹRÓDŁO KATALOGOWANIA
Instytucja, która utworzyła rekord BPK
041 ## - KOD JĘZYKA
Kod języka tekstu pol
008 - POLE O STAŁEJ DŁUGOŚCI - DANE KONTROLNE
podpole kontrolne o stałej długości s pl f |000 0 pol
100 1# - NAZWA OSOBOWA
Nazwa osobowa KAWALEROW, G. I.
245 #0 - TYTUŁ/ODPOWIEDZIALNOŚĆ
Tytuł Wprowadzenie do teorii pomiarów /
Pozostałe elementy strefy tytułu i oznaczenia odpowiedzialności G.I. Kawalerow, S.M. Mandelsztam.
260 ## - STREFA ADRESU WYDAWNICZEGO
Miejsce wydania Warszawa,
Data publikacji, dystrybucji/powstania dokumentu 1983.
700 1# - HASŁO DODATKOWE - NAZWA OSOBOWA
Nazwa osobowa MANDELSZTAM, S. M.
856 ## - LOKALIZACJA I DOSTĘP DO ELEKTRONICZNYCH DOKUMENTÓW ZDALNYCH
Link (URL) http://koha.tu.koszalin.pl/cgi-bin/koha/opac-detail.pl?biblionumber=21802
Tekst linku Katalog online BPK
942 ## - DODATKOWE ELEMENTY (KOHA)
Typ dokumentu Książka
Egzemplarze
Wycofany Status egzemplarza Uszkodzony Dostępność Lokalizacja stała Lokalizacja bieżąca Miejsce przechowywania Sygnatura Kod kreskowy Typ dokumentu
      Dostępny Biblioteka Politechniki Koszalińskiej Biblioteka Politechniki Koszalińskiej Wypożyczalnia BG 30658 01564655 Książka
© 2023 Biblioteka Politechniki Koszalińskiej :: KOHA